000 00806nam a2200253 i 4500
001 11417
003 ES-MaACL
005 20250831061859.0
007 t|
008 921111s1992 sp |||| | spa j
020 _a84-7100-337-6
080 _a271(8=60)"14/18"
100 1 _aBorges, Pedro.
_930468
245 1 0 _aReligiosos en Hispanoamérica /
_cPedro Borges.
260 _aMadrid :
_bMAPFRE,
_cD.L. 1992.
300 _a340 p. ;
_c23 cm.
490 1 _aIglesia Católica en el Nuevo Mundo ;
_v2
500 _aÍndices.
504 _aBibliografía: p. 323-325.
650 1 4 _aÓrdenes y congregaciones religiosas-
_zAmérica española.
_9169004
830 0 0 _aColección Iglesia Católica en el Nuevo Mundo (Mapfre)
_v2
_9179065
852 _aES-MaACL
_jL-18742
999 _c11417
_d11417